A propósito del voseo: su historia, su morfología y su situación en Costa Rica /
محفوظ في:
| المؤلف الرئيسي: | |
|---|---|
| التنسيق: | نص |
| الوسوم: |
إضافة وسم
لا توجد وسوم, كن أول من يضع وسما على هذه التسجيلة!
|
MARC
| LEADER | 00000 a a2200000 04500 | ||
|---|---|---|---|
| 001 | 46441 | ||
| 003 | |||
| 040 | |||
| 100 | |a Rojas Blanco, Lillyam | ||
| 245 | |a A propósito del voseo: |b su historia, su morfología y su situación en Costa Rica / |c Lillyam Rojas Blanco | ||
| 773 | |g volumen27, número2 (2003), páginas 143-163 | ||
| 999 | |c 40221 |d 40221 | ||
